000 00701cam a22002413a 4500
001 117
003 PGUSA
005 20140828082944.0
008 940301s1994||||xxu|||||s|||||000 | eng d
040 _aPGUSA
_beng
042 _adc
050 4 _aM
100 1 _aBeethoven, Ludwig van,
_d1770-1827
245 1 0 _aSymphony No. 5 in C minor Opus 67
_h[electronic resource] /
_cLudwig van Beethoven
260 _bProject Gutenberg,
_c1994
500 _aMusic file
506 _aCopyrighted. Read the copyright notice inside this book for details.
516 _aElectronic text
653 _aMusic
830 0 _aProject Gutenberg
_v117
856 4 0 _uhttp://www.gutenberg.org/ebooks/117
942 _cEB
999 _c229488
_d229488